Dlouhý chvost proč budoucnost byznysu spočívá v dlouhodobých prodejích a větší pestrosti nabídky

Gespeichert in:
Bibliographische Detailangaben
1. Verfasser: Anderson, Chris
Weitere Verfasser: Míša, Patrik
Format: Buch
Sprache:Tschechisch
Veröffentlicht: Brno Computer Press 2010
Schlagworte:
Tags: Tag hinzufügen
Keine Tags, Fügen Sie das erste Tag hinzu!

MARC

LEADER 00000nam a2200000 4500
001 0118389
005 20240313085708.9
020 |a 978-80-251-2507-6 
041 0 |a cze 
044 |a CZ 
245 1 0 |a Dlouhý chvost  |b proč budoucnost byznysu spočívá v dlouhodobých prodejích a větší pestrosti nabídky  |c Chris Anderson ; překlad: Patrik Míša 
264 1 |a Brno  |b Computer Press  |c 2010 
300 |a 259 s. 
610 2 0 |a obchod 
610 2 0 |a predaj 
610 2 0 |a ponuka 
610 2 0 |a trh 
610 2 0 |a sortiment 
610 2 0 |a kultúra 
610 2 0 |a internet 
100 1 |a Anderson, Chris 
700 1 |a Míša, Patrik